[Event "Bremen Silvester op-A"]
[Site "Bremen"]
[Date "2022.12.28"]
[Round "3"]
[White "Lagunow, Alexander"]
[Black "Mix, Clemens"]
[Result "1-0"]
[WhiteElo "2357"]
[BlackElo "2030"]
[PlyCount "43"]
[EventDate "2022.12.27"]
[EventType "swiss"]
[EventRounds "7"]
[EventCountry "GER"]
[SourceTitle "CBM 211 Extra"]
[Source "ChessBase"]
[SourceDate "2023.01.31"]
[SourceVersion "1"]
[SourceVersionDate "2023.01.31"]
[SourceQuality "1"]

1. e4 c5 2. c3 Nf6 3. e5 Nd5 4. Nf3 e6 5. d4 cxd4 6. cxd4 d6 7. Bc4 Nb6 8. Bd3 Nc6 9. a3 Bd7 10. Nc3 dxe5 11. dxe5 Be7 12. Qe2 Rc8 13. h4 h6 14. h5 Na5 15. Bf4 Nac4 16. 0-0 Qc7 17. Rac1 Qb8 18. Bg3 Na5 19. Nd4 a6 20. b4 Nac4 21. Nb1 Bb5 22. a4 1-0

[Event "Lvov-Berlin m Charity"]
[Site "Tornelo INT"]
[Date "2022.09.23"]
[Round "1"]
[White "Lagunow, Alexander"]
[Black "Kazakov, Mikhail"]
[Result "1/2-1/2"]
[WhiteElo "2360"]
[BlackElo "2513"]
[PlyCount "98"]
[EventDate "2022.09.23"]
[EventType "team-match (rapid)"]
[EventRounds "2"]
[EventCountry "NET"]
[SourceTitle "CBM 210 Extra"]
[Source "ChessBase"]
[SourceDate "2022.11.30"]
[SourceVersion "1"]
[SourceVersionDate "2022.11.30"]
[SourceQuality "1"]
[WhiteTeam "Berlin SF"]
[BlackTeam "Lvov CF"]
[WhiteTeamCountry "GER"]
[BlackTeamCountry "UKR"]

1. e4 c5 2. c3 d5 3. exd5 Qxd5 4. d4 Nf6 5. Nf3 Bg4 6. dxc5 Qxc5 7. h3 Bh5 8. Na3 a6 9. Be3 Qc7 10. Nc4 Nbd7 11. g4 Bg6 12. g5 Ne4 13. Qd4 e6 14. 0-0-0 Bc5 15. Qxg7 0-0-0 16. Bxc5 Ndxc5 17. Rxd8+ Rxd8 18. Qe5 Nxf2 19. Qxc7+ Kxc7 20. Rh2 Nfd3+ 21. Kd2 Nxb2+ 22. Ke3 Nd1+ 23. Kf4 Nxc3 24. Nce5 Nd5+ 25. Kg3 Ne4+ 26. Kh4 Ne3 27. Bd3 Nc5 28. Bxg6 fxg6 29. Re2 Nf5+ 30. Kg4 b6 31. h4 Rd1 32. Nf7 Rb1 33. Kh3 Rb4 34. Nh6 Nd4 35. Nxd4 Rxd4 36. Ng8 Nd3 37. Kg3 Nf4 38. Rc2+ Kd6 39. Nf6 Nh5+ 40. Nxh5 gxh5 41. Rc8 Rg4+ 42. Kh3 Ra4 43. Rh8 Ra3+ 44. Kg2 Rxa2+ 45. Kg3 Ra3+ 46. Kg2 Ra4 47. Kg3 Ra3+ 48. Kg2 Ra4 49. Kg3 Ra3+ 1/2-1/2

[Event "BL2-Nord 1920"]
[Site "Germany"]
[Date "2019.11.24"]
[Round "4.8"]
[White "Rudolf, Henrik"]
[Black "Lagunow, Alexander"]
[Result "0-1"]
[WhiteElo "2308"]
[BlackElo "2363"]
[PlyCount "94"]
[EventDate "2019.10.19"]
[EventType "team-tourn"]
[EventRounds "9"]
[EventCountry "GER"]
[SourceTitle "CBM 194 Extra"]
[Source "ChessBase"]
[SourceDate "2020.03.31"]
[SourceVersion "1"]
[SourceVersionDate "2020.03.31"]
[SourceQuality "1"]
[WhiteTeam "Berlin SF II"]
[BlackTeam "Zehlendorf"]
[WhiteTeamCountry "GER"]
[BlackTeamCountry "GER"]

1. e4 c5 2. Nf3 d6 3. d4 cxd4 4. Nxd4 Nf6 5. Nc3 a6 6. Bg5 e6 7. f4 b5 8. e5 dxe5 9. fxe5 Qc7 10. Qe2 Nfd7 11. 0-0-0 Nc6 12. Nxc6 Qxc6 13. Ne4 Bb7 14. Nd6+ Bxd6 15. exd6 0-0 16. h4 Qe4 17. Qf2 f6 18. Bf4 Rac8 19. Rd2 Qa4 20. Rh3 e5 21. Bh2 Qxa2 22. Ra3 Qe6 23. Qa7 Bc6 24. Bg1 Ra8 25. Qc7 Rfc8 26. Qa5 Be4 27. Rc3 Rxc3 28. Qxc3 Qa2 29. b3 Bb7 30. Re2 Rc8 31. Qh3 Nf8 32. Qf5 Qa1+ 33. Kd2 Qa3 34. Kd1 Rd8 35. Rd2 Rxd6 36. Be3 Rxd2+ 37. Kxd2 Qb4+ 38. Kd1 Qd6+ 39. Kc1 Qd7 40. Qf2 Ne6 41. h5 Be4 42. h6 Nd4 43. hxg7 Kxg7 44. Qh4 Qf5 45. Bxd4 Qxf1+ 46. Kb2 Qxg2 47. Bf2 Bg6 0-1

[Event "Karlsruhe Grenke op"]
[Site "Karlsruhe"]
[Date "2019.04.20"]
[Round "4"]
[White "Ter Sahakyan, Samvel"]
[Black "Lagunow, Alexander"]
[Result "1-0"]
[WhiteElo "2601"]
[BlackElo "2371"]
[PlyCount "67"]
[EventDate "2019.04.18"]
[EventType "swiss"]
[EventRounds "9"]
[EventCountry "GER"]
[SourceTitle "CBM 189 Extra"]
[Source "ChessBase"]
[SourceDate "2019.06.03"]
[SourceVersion "1"]
[SourceVersionDate "2019.06.03"]
[SourceQuality "1"]

1. e4 c5 2. Nf3 Nc6 3. d4 cxd4 4. Nxd4 Nf6 5. Nc3 d6 6. Bg5 e6 7. Qd2 a6 8. 0-0-0 h6 9. Be3 Bd7 10. f3 b5 11. Nxc6 Bxc6 12. g4 d5 13. e5 Nd7 14. Bd4 Qg5 15. f4 Qxg4 16. h4 b4 17. Ne2 Nc5 18. Qe3 Ne4 19. Bh3 Qg6 20. f5 exf5 21. Rhg1 Qh7 22. Rdf1 Bd7 23. Nf4 Be6 24. Rg6 fxg6 25. Nxe6 Kf7 26. Nc7 Rd8 27. h5 Be7 28. hxg6+ Qxg6 29. Bxf5 Qg2 30. Be6+ Kg6 31. Rg1 Qg5 32. Kd1 Rhf8 33. Rxg5+ Bxg5 34. Qd3 1-0

[Event "GER CupT 1718 prel1"]
[Site "Potsdam"]
[Date "2018.01.13"]
[Round "1"]
[White "Lagunow, Alexander"]
[Black "Riedel, Finn"]
[Result "0-1"]
[WhiteElo "2411"]
[BlackElo "2113"]
[PlyCount "78"]
[EventDate "2018.01.13"]
[EventType "team-k.o."]
[EventRounds "2"]
[EventCountry "GER"]
[SourceTitle "EXT 2019"]
[Source "ChessBase"]
[SourceDate "2018.10.10"]
[SourceVersion "1"]
[SourceVersionDate "2018.10.10"]
[SourceQuality "1"]
[WhiteTeam "Zehlendorf"]
[BlackTeam "Weimar Vimaria"]
[WhiteTeamCountry "GER"]
[BlackTeamCountry "GER"]

1. c4 e5 2. g3 f5 3. Bg2 Nf6 4. Nc3 d6 5. d3 c6 6. Rb1 Be7 7. e3 Be6 8. f4 0-0 9. Nf3 Qc7 10. 0-0 Na6 11. b4 Rad8 12. b5 Nc5 13. Ng5 Bc8 14. d4 Ne6 15. bxc6 bxc6 16. d5 cxd5 17. Nxe6 Bxe6 18. Nxd5 Nxd5 19. Bxd5 Qc8 20. Rb7 Bf6 21. Rxa7 exf4 22. gxf4 Kh8 23. Qd3 Rfe8 24. Bd2 Bxd5 25. cxd5 Qc5 26. Ra5 Qb6 27. Ra6 Qb7 28. Rb1 Qf7 29. Qxf5 g6 30. Qd3 Qd7 31. Rf1 Qg4+ 32. Kh1 Qh3 33. a4 Re4 34. Rf2 Rd4 35. Qb5 Bh4 36. Bc3 Bxf2 37. Bxd4+ Kg8 38. Qe2 Bxe3 39. Bf6 Rb8 0-1

[Event "Erfurt MT op 27th"]
[Site "Erfurt"]
[Date "2017.12.29"]
[Round "7"]
[White "Lagunow, Alexander"]
[Black "Fries Nielsen, Jens Ove"]
[Result "1-0"]
[WhiteElo "2405"]
[BlackElo "2328"]
[PlyCount "45"]
[EventDate "2017.12.26"]
[EventType "swiss"]
[EventRounds "8"]
[EventCountry "GER"]
[SourceTitle "CBM 182 Extra"]
[Source "ChessBase"]
[SourceDate "2018.02.23"]
[SourceVersion "1"]
[SourceVersionDate "2018.02.23"]
[SourceQuality "1"]

1. c4 e6 2. Nf3 g6 3. d4 Bg7 4. Nc3 Ne7 5. h4 h6 6. Bf4 d5 7. cxd5 exd5 8. Nb5 Na6 9. Rc1 c6 10. Nd6+ Kf8 11. Qd2 Kg8 12. Rc3 Nf5 13. Nxc8 Qxc8 14. g4 Ne7 15. Bh3 Qd8 16. g5 hxg5 17. Nxg5 Nc7 18. Rf3 Nf5 19. Bxf5 gxf5 20. Qd3 Ne6 21. Qxf5 Qe8 22. Be5 Rh5 23. Rg1 1-0